000 01001nam a2200205 a 4500
001 001195317
003 AM-YeHGA
005 20250617152846.0
008 161207s1978 ru r 000 0 rus d
040 _aAM-YeHGA
041 0 _arus
245 0 0 _aВыставка работ Леонида Андриановича Ивановского :
_bЖивопись, акварель, рисунок, Линогравюра : Каталог /
_cВологодский обл. краеведческий музей; Вступит. ст. В.И. Меркурьева.
260 _aВологда :
_bБ.и.,
_c1978.
300 _a46 с. :
_bил.
600 1 4 _aИвановский, Леонид Андрианович
653 0 _aРусские советские художники - Каталоги работ
700 1 _aМеркурьев, В.И.
_eавт. вступ. ст.
_4aui
710 2 _aВологодский областной краеведческий музей
090 _c381333
999 _c379415
_d379415